History Quiz

Random History or Decade Quiz

1990s Blitz Quiz Stats

 Plays Quiz Updated Oct 4, 2018

Also try: 2000s Blitz
Challenge
Share
Tweet
Embed
Score 0/30 Timer 04:00
8 Plays Today
Category 1990s answer % Correct
World Cup (soccer) winning nation [3]Brazil
85.9%
Time Magazine Person of the Year [10]Ted Turner
85.1%
Former Soviet Republic [15]Kyrgyzstan
83.4%
World Series winning team [6]Reds
83.4%
Olympic host city [5]Albertville
82.9%
British Prime Minister [3]Margaret Thatcher
82.4%
Super Bowl winning team [6]Packers
82%
Oscar Best Picture [10]Dances with Wolves
79%
Stanley Cup winning team [8]Oilers
72.2%
Russian President [2]Boris Yeltsin
71.8%
Roman Catholic Pope [1]John Paul II
70.3%
Artist with 30 million + selling album [10]Whitney Houston
69.4%
American Vice-President [2]Dan Quayle
66.7%
Tony Best Musical [10]City of Angels
65.1%
Oscar Best Actor [9]Jeremy Irons
64.3%
Category 1990s answer % Correct
Premier League champion [3]Manchester United
63.7%
Steven Spielberg directed movie [7]Jurassic Park
62.7%
Nation Sanctioned by the U.N. [11]Iraq
60.7%
Nobel Peace Prize winner [16]*Mikhail Gorbachev
54.6%
Emmy Best Comedy winner [5]Murphy Brown
53.1%
#1 ranked Boys' name (US) [2]Michael
50.1%
Oscar Best (dramatic) Score (composer) [9]Alan Menken
46%
Best Selling Author (US) [5]John Grisham
45.9%
Emmy Best Drama winner [8]L.A. Law
45.5%
Tour de France winner [5]Miguel Indurain
45.4%
#1 ranked Girls' name (US) [3]Ashley
35.5%
Oscar Best Actress [10]Kathy Bates
32.7%
U.N. Secretary General [3]Boutros Boutros-Ghali
30.2%
New Artist Grammy winner [10]Mariah Carey
23%
Newly discovered element [3]Roentgenium
3.2%

You're not logged in!

Compare scores with friends on all Sporcle quizzes.
Join for Free
OR
Log In

You Might Also Like...

Show Comments

Extras

Top Quizzes Today


Score Distribution

Your Account Isn't Verified!

In order to create a playlist on Sporcle, you need to verify the email address you used during registration. Go to your Sporcle Settings to finish the process.

Report this User

Report this user for behavior that violates our Community Guidelines.

Details: